Formula One Teams Logo Quiz - Statistics

General Stats
  • This quiz has been taken 2,702 times
    426 since last reset
  • The average score is 10 of 11
Answer Stats
Picture Answer % Correct
Ferrari
99%
Mercedes
99%
Red Bull
99%
McLaren
96%
Audi
95%
Alpine
89%
Haas
89%
Williams
87%
Aston Martin
86%
Cadillac
79%
Racing Bulls
76%
No matching quizzes found
Score Distribution
Percent of People with Each Score
Percentile by Number Answered
Your Score History
You have not taken this quiz since the last reset